000 00292nam a22001337a 4500
008 181024b xxu||||| |||| 00| 0 eng d
020 _a9780077354770
041 _aeng
080 _28th
_a540
100 _a12
101 _aKIM
245 _aOrganic Chemistry
_cCarey,F.A
942 _2udc
_cBK
999 _c50808
_d50808